00736nam a2200241Ia 4500003000400000005001700004008004100021020001800062040000700080041000800087082001300095100002400108245002800132260003100160300001700191365001300208650005100221650002200272906003100294942001200325999001900337952013800356OSt20230413100430.0210423s2011 xx 000 0 und d a9789380156767 cAL aeng a155 BHAR aBHATIA (R C)987574 aPersonality development aNew DelhibAne Booksc2011 axvii,250bPB b210cINR aDifferential & Developmental Psychology987575 aPsychology987576 adevelopment. ; Personality 2ddccBK c159644d159644 001040708MCOMaSACPGbSACPGd2011-07-25eHigginbothams Pvt Ltdg210.00l0o155 BHARpPG006122r2022-08-24 00:00:00w2021-04-26yBK